00629nam a2200181 i 4500001000300000100002300003245009400026260004500120300003300165500001700198504003600215700002300251040000800274041000800282080001800290008004100308856009800349bg1 aGorohovskaa, V. I. 0aPraktikum po oscillograficeskoj poljarografii /cV. I. Gorochovskaja, V. M. Gorochovskij. aMoskva :bIzdat. "Vyssaja Skola",c1973. as. 111, nlb. 1 :brys., tab. a[Alf. ros.]. a[Zawiera bibliogr. s. 109-110].1 aGorohovskij, V. M. cBPK apol a543:621.317.3 s pl f |000 0 pol  uhttp://koha.tu.koszalin.pl/cgi-bin/koha/opac-detail.pl?biblionumber=26665yKatalog online BPK